| 000 | 00790nam a22002057a 4500 | ||
|---|---|---|---|
| 999 |
_c7411 _d7411 |
||
| 003 | AR-CdUCM | ||
| 008 | 190320b ||||| |||| 00| 0 spa d | ||
| 040 |
_aMUNICIPALIDAD PROVINCIAL DEL CUSCO _cBIBLIOTECA MUNICIPAL DEL CUSCO |
||
| 041 | _heng. | ||
| 082 |
_22ed. _a620.11/ _bT58 |
||
| 100 |
_aTimoshenko, Stephen _920902 |
||
| 245 | _aResistencia de materiales / | ||
| 260 |
_aMadrid : _bEspasa-Calpe, _c1957. |
||
| 300 |
_aT.2 ; _bDiagramas, _c22 cm. |
||
| 505 | _aContenido :Problemas especiales en la reflexión de vigas --Piezas curvas --Placas y envolventes delgadas --Flexión de plagas circulares cargadas simétricamente ... | ||
| 650 |
_aResistencia de materiales _920140 |
||
| 700 |
_aDelgado Pérez de Alba, Tomás (traductor) _920903 |
||
| 942 |
_2ddc _cLIBROS |
||
| 945 | _arjall | ||